[Event "21st European Teams"]
[Site "Hersonissos GRE"]
[Date "2017.10.30"]
[Round "3.14"]
[Board "4"]
[White "Nilssen, John Arni"]
[Black "Notkevich, Benjamin Arvola"]
[Result "0-1"]
[WhiteTitle "IM"]
[BlackTitle "IM"]
[WhiteElo "2326"]
[BlackElo "2458"]
[WhiteTeam "Faroe Islands"]
[BlackTeam "Norway"]
[WhiteFideId "7200137"]
[BlackFideId "1506536"]
[EventDate "2017.10.28"]

1. d4 Nf6 2. c4 g6 3. Nc3 Bg7 4. e4 d6 5. Be2 O-O 6. Bg5 c5 7. d5 h6 8. Bf4 e6
9. h3 exd5 10. exd5 Re8 11. Qd2 b5 12. cxb5 a6 13. Be3 axb5 14. Bxb5 Ne4 15. Qc2
Nxc3 16. Bxe8 Nxd5 17. Qb3 Be6 18. Qb7 Ra6 19. Rd1 Rb6 20. Qa7 Nxe3 0-1

[Event "21st European Teams"]
[Site "Hersonissos GRE"]
[Date "2017.10.30"]
[Round "3.15"]
[Board "1"]
[White "Nikolaidis, Ioannis"]
[Black "Ftacnik, Lubomir"]
[Result "1/2-1/2"]
[WhiteTitle "GM"]
[BlackTitle "GM"]
[WhiteElo "2519"]
[BlackElo "2546"]
[WhiteTeam "Greece 2"]
[BlackTeam "Slovakia"]
[WhiteFideId "4202139"]
[BlackFideId "14900017"]
[EventDate "2017.10.28"]

1. Nf3 Nf6 2. c4 c5 3. Nc3 e6 4. g3 b6 5. Bg2 Bb7 6. O-O Be7 7. d4 cxd4 8. Qxd4
d6 9. Bg5 a6 10. Bxf6 Bxf6 11. Qf4 O-O 12. Rfd1 Be7 13. Ne4 Bxe4 14. Qxe4 Ra7
15. Nd4 Rc7 16. b3 Re8 17. a4 Bf6 18. Ra2 Qc8 19. e3 Rd8 20. Ne2 Nc6 21. Rad2
Be7 22. Nf4 Ne5 23. h4 Rc5 24. Nd3 Nxd3 25. Qxd3 Qc7 26. Bf1 a5 27. Qe4 g6 28.
Bg2 h5 29. Bf3 Kg7 30. Kg2 Bf6 31. Qd3 Be7 1/2-1/2

[Event "21st European Teams"]
[Site "Hersonissos GRE"]
[Date "2017.10.30"]
[Round "3.15"]
[Board "2"]
[White "Markos, Jan"]
[Black "Kelires, Andreas"]
[Result "1-0"]
[WhiteTitle "GM"]
[BlackTitle "GM"]
[WhiteElo "2559"]
[BlackElo "2510"]
[WhiteTeam "Slovakia"]
[BlackTeam "Greece 2"]
[WhiteFideId "14903474"]
[BlackFideId "5900727"]
[EventDate "2017.10.28"]

1. d4 Nf6 2. c4 e6 3. Nf3 b6 4. g3 Ba6 5. Qa4 Bb7 6. Bg2 c5 7. d5 exd5 8. cxd5
Bxd5 9. O-O Be7 10. Nc3 Bc6 11. Qb3 O-O 12. Bf4 Na6 13. Rad1 Nc7 14. e4 Ne6 15.
e5 Ne8 16. Be3 N8c7 17. Nh4 Bxg2 18. Nxg2 b5 19. Ne4 Qc8 20. f4 Qb7 21. Qc2 Nd5
22. f5 Nxe3 23. Nxe3 Nd4 24. Qg2 Qc6 25. f6 Bxf6 26. Nxf6+ gxf6 27. Nd5 Kh8 28.
Rxf6 d6 29. Rxd6 Qc8 30. Rh6 Rg8 31. Nf6 Qf5 32. Rf1 Qd3 33. Rxh7+ Qxh7 34. Nxh7
Kxh7 35. Rxf7+ 1-0

[Event "21st European Teams"]
[Site "Hersonissos GRE"]
[Date "2017.10.30"]
[Round "3.15"]
[Board "3"]
[White "Mastrovasilis, Athanasios"]
[Black "Repka, Christopher"]
[Result "1-0"]
[WhiteTitle "GM"]
[BlackTitle "IM"]
[WhiteElo "2488"]
[BlackElo "2470"]
[WhiteTeam "Greece 2"]
[BlackTeam "Slovakia"]
[WhiteFideId "4201990"]
[BlackFideId "14918781"]
[EventDate "2017.10.28"]

1. d4 g6 2. g3 Bg7 3. Bg2 Nf6 4. Nf3 O-O 5. O-O d5 6. Nbd2 Nbd7 7. c4 dxc4 8.
Nxc4 Nb6 9. Nce5 Ng4 10. Bf4 Nd5 11. Rc1 Nxf4 12. gxf4 c6 13. e3 Qb6 14. Qe2
Nxe5 15. Nxe5 Be6 16. a3 Rad8 17. Rc5 f6 18. Nd3 Bf5 19. Rxf5 gxf5 20. Nc5 e5
21. Bh3 exd4 22. Bxf5 Rd5 23. Qh5 h6 24. Ne6 Rxf5 25. Qxf5 Rf7 26. Rd1 Rd7 27.
Qg4 f5 28. Qg6 Qb3 29. Rxd4 1-0

[Event "21st European Teams"]
[Site "Hersonissos GRE"]
[Date "2017.10.30"]
[Round "3.15"]
[Board "4"]
[White "Jurcik, Marian"]
[Black "Malikentzos, Sotirios"]
[Result "1/2-1/2"]
[WhiteTitle "GM"]
[BlackTitle "FM"]
[WhiteElo "2479"]
[BlackElo "2434"]
[WhiteTeam "Slovakia"]
[BlackTeam "Greece 2"]
[WhiteFideId "14907518"]
[BlackFideId "4215079"]
[EventDate "2017.10.28"]

1. e4 e5 2. Nf3 Nf6 3. Nxe5 d6 4. Nf3 Nxe4 5. Bd3 Nf6 6. O-O Be7 7. c3 O-O 8.
Bc2 Bg4 9. d4 Nbd7 10. h3 Bh5 11. Bf4 Re8 12. Nbd2 Nf8 13. Bh2 d5 14. Bd3 Bd6
15. Qb3 Bxh2+ 16. Kxh2 Bg6 17. Qc2 Bxd3 18. Qxd3 Ng6 19. Rae1 Qd6+ 20. g3 c6 21.
Qf5 Qd7 22. Qxd7 Nxd7 23. Rxe8+ Rxe8 24. Re1 Kf8 25. Kg2 Rxe1 26. Nxe1 Ne7 27.
Nd3 Nc8 28. Kf3 Ke7 29. Kf4 Nd6 30. h4 f6 1/2-1/2

[Event "21st European Teams"]
[Site "Hersonissos GRE"]
[Date "2017.10.30"]
[Round "3.16"]
[Board "1"]
[White "Vlahos, Kiriakos"]
[Black "Bologan, Victor"]
[Result "0-1"]
[WhiteTitle "FM"]
[BlackTitle "GM"]
[WhiteElo "2306"]
[BlackElo "2615"]
[WhiteTeam "Greece - Crete"]
[BlackTeam "Moldova"]
[WhiteFideId "4200594"]
[BlackFideId "13900048"]
[EventDate "2017.10.28"]

1. c4 e5 2. Nc3 Bb4 3. Nd5 Bc5 4. b4 Bf8 5. Rb1 c6 6. Nc3 d5 7. cxd5 cxd5 8. e3
d4 9. exd4 exd4 10. Bb5+ Nc6 11. Qe2+ Be7 12. Ne4 Be6 13. d3 Nf6 14. Nxf6+ Bxf6
15. Bxc6+ bxc6 16. Nf3 O-O 17. O-O Re8 18. Qc2 Qd5 19. Bf4 Qf5 20. Bg3 Bd5 21.
b5 Bxf3 22. gxf3 cxb5 23. Kg2 h5 24. h4 a5 25. Qc6 b4 26. Rfe1 Rec8 27. Qe4 Qxe4
28. fxe4 Rc2 29. Ra1 Rac8 30. e5 Be7 31. Kf3 R8c3 32. Ke4 Rd2 33. Kd5 Rdxd3 34.
Re2 Rc8 35. Rb1 Rdc3 36. Kxd4 f5 37. Kd5 Kf7 38. e6+ Kg6 39. Rg1 Rd3+ 0-1

[Event "21st European Teams"]
[Site "Hersonissos GRE"]
[Date "2017.10.30"]
[Round "3.16"]
[Board "2"]
[White "Svetushkin, Dmitry"]
[Black "Naoum, Spyridon"]
[Result "1-0"]
[WhiteTitle "GM"]
[WhiteElo "2556"]
[BlackElo "2295"]
[WhiteTeam "Moldova"]
[BlackTeam "Greece - Crete"]
[WhiteFideId "13900463"]
[BlackFideId "4227506"]
[EventDate "2017.10.28"]

1. d4 d5 2. c4 c6 3. Nc3 e6 4. Nf3 dxc4 5. a4 Bb4 6. e3 b5 7. Bd2 a5 8. axb5
Bxc3 9. Bxc3 cxb5 10. b3 Bb7 11. bxc4 b4 12. Bb2 Nf6 13. Bd3 Nbd7 14. O-O O-O
15. Re1 Re8 16. c5 Bc6 17. Bc2 Ne4 18. Ba4 Qc7 19. Qc2 Qb7 20. Rec1 Reb8 21. Ne1
Bxa4 22. Qxa4 Qb5 23. f3 Nd2 24. Qxb5 Rxb5 25. Ra4 Nb3 26. Rb1 e5 27. Kf2 exd4
28. exd4 Rd8 29. Ba1 Nd2 30. Rb2 Nc4 31. Rc2 Na3 32. Rc1 Nb8 33. Nc2 Nxc2 34.
Rxc2 Nc6 35. Ke3 f5 36. g4 fxg4 37. fxg4 Rb7 38. Kd3 Rbd7 39. Kc4 Nxd4 40. Rd2
Nc6 41. Rxd7 Rxd7 42. Kb5 Nb8 43. Rxa5 Kf7 44. c6 Rc7 45. Be5 b3 46. Ra1 Rc8 47.
c7 Nd7 48. Bg3 Nf6 49. Kc6 Ke6 50. Re1+ 1-0

[Event "21st European Teams"]
[Site "Hersonissos GRE"]
[Date "2017.10.30"]
[Round "3.16"]
[Board "3"]
[White "Anagnostopoulos, Konstantinos"]
[Black "Morozov, Nichita"]
[Result "0-1"]
[BlackTitle "IM"]
[WhiteElo "2290"]
[BlackElo "2467"]
[WhiteTeam "Greece - Crete"]
[BlackTeam "Moldova"]
[WhiteFideId "4251067"]
[BlackFideId "13900897"]
[EventDate "2017.10.28"]

1. e4 c6 2. d4 d5 3. Nc3 dxe4 4. Nxe4 Bf5 5. Ng3 Bg6 6. Nf3 Nd7 7. h4 h6 8. h5
Bh7 9. Bd3 Bxd3 10. Qxd3 Ngf6 11. Bd2 e6 12. O-O-O Rc8 13. Rde1 Be7 14. c4 b5
15. Kb1 bxc4 16. Qxc4 O-O 17. Rc1 c5 18. Qa6 Qb6 19. Qxb6 axb6 20. dxc5 Bxc5 21.
Be1 Ng4 22. Ne4 Be7 23. Rd1 Nc5 24. Nh2 Ne3 25. fxe3 Nxe4 26. Nf3 Rfd8 27. Bh4
Bxh4 28. Nxh4 Nd2+ 29. Ka1 Nc4 30. e4 Ne3 31. Rxd8+ Rxd8 32. a3 Rd2 33. Rc1 Rd4
34. Rc8+ Kh7 35. Rc7 Rxe4 36. g3 Nf1 37. Rxf7 Nxg3 38. Nf3 Nxh5 39. Rb7 Nf6 40.
Rxb6 g5 41. Nd2 Re2 42. Nf3 g4 43. Nd4 Rf2 44. Rxe6 g3 45. Ka2 g2 46. Re1 Rf1
47. Re7+ Kg8 48. Ne2 Re1 0-1

[Event "21st European Teams"]
[Site "Hersonissos GRE"]
[Date "2017.10.30"]
[Round "3.16"]
[Board "4"]
[White "Macovei, Andrei"]
[Black "Papadopoulos, Argirios"]
[Result "0-1"]
[WhiteTitle "FM"]
[BlackTitle "FM"]
[WhiteElo "2328"]
[BlackElo "2182"]
[WhiteTeam "Moldova"]
[BlackTeam "Greece - Crete"]
[WhiteFideId "13904680"]
[BlackFideId "4241509"]
[EventDate "2017.10.28"]

1. e4 e5 2. Nf3 Nc6 3. Bb5 g6 4. c3 a6 5. Ba4 d6 6. d4 Bd7 7. O-O Bg7 8. d5 Nce7
9. Bxd7+ Qxd7 10. c4 h6 11. Ne1 f5 12. f3 Nf6 13. Nc3 O-O 14. Nd3 f4 15. Qe2 g5
16. Bd2 Ng6 17. a4 h5 18. a5 g4 19. c5 Bh6 20. cxd6 cxd6 21. Na4 Rad8 22. Nb6
Qe7 23. Rfc1 Kh8 24. Kh1 Rg8 25. Be1 h4 26. Rc4 h3 27. fxg4 hxg2+ 28. Qxg2 f3
29. Qxf3 Rdf8 30. Qh3 Nxg4 31. Bd2 Nh4 32. Nc8 Qd8 33. Be1 Rf3 34. Bg3 Rxd3 35.
Qxh4 Qxh4 36. Bxh4 Rh3 37. Bg3 Rxh2+ 38. Kg1 Be3+ 39. Kf1 Rf8+ 40. Ke1 Bd2+ 0-1

[Event "21st European Teams"]
[Site "Hersonissos GRE"]
[Date "2017.10.30"]
[Round "3.17"]
[Board "1"]
[White "Tate, Alan"]
[Black "Pancevski, Filip"]
[Result "0-1"]
[WhiteTitle "FM"]
[BlackTitle "IM"]
[WhiteElo "2366"]
[BlackElo "2489"]
[WhiteTeam "Scotland"]
[BlackTeam "FYROM"]
[WhiteFideId "2401878"]
[BlackFideId "15002187"]
[EventDate "2017.10.28"]

1. e4 d6 2. d4 Nf6 3. Nc3 g6 4. Be3 Bg7 5. Qd2 c6 6. h3 b5 7. Bd3 Bb7 8. Nf3 O-O
9. O-O b4 10. Ne2 c5 11. d5 Nbd7 12. c4 bxc3 13. bxc3 Qa5 14. c4 Qxd2 15. Bxd2
Ba6 16. Rac1 Nb6 17. Rc2 Rfe8 18. a4 Rab8 19. Rb1 Nfd7 20. a5 Na4 21. Rxb8 Rxb8
22. Nc1 Rb2 23. Bg5 Kf8 24. Rd2 Bc3 25. Bh6+ Kg8 26. Rd1 Bxa5 27. Ne2 Ra2 28.
Rb1 Nc3 29. Nxc3 Bxc3 30. Rb3 Bb4 0-1

[Event "21st European Teams"]
[Site "Hersonissos GRE"]
[Date "2017.10.30"]
[Round "3.17"]
[Board "2"]
[White "Stojanovski, Dejan"]
[Black "Berry, Neil"]
[Result "1/2-1/2"]
[WhiteTitle "IM"]
[BlackTitle "FM"]
[WhiteElo "2454"]
[BlackElo "2283"]
[WhiteTeam "FYROM"]
[BlackTeam "Scotland"]
[WhiteFideId "15000796"]
[BlackFideId "2400650"]
[EventDate "2017.10.28"]

1. e4 e6 2. d4 d5 3. Nc3 Nf6 4. Bg5 Bb4 5. e5 h6 6. Bd2 Bxc3 7. bxc3 Ne4 8. Qg4
Kf8 9. Bd3 Nxd2 10. Kxd2 c5 11. Nf3 cxd4 12. Qxd4 Nc6 13. Qf4 Bd7 14. Rhe1 Rc8
15. Re3 Qa5 16. Nd4 Nxd4 17. Qxd4 Qa4 18. Rg3 Qxd4 19. cxd4 g6 20. a4 Ke7 21. f4
h5 22. Rf3 Rc7 23. Rff1 Rhc8 24. Rfb1 Rd8 25. a5 Bc8 26. g3 Bd7 27. Ra2 Bc8 28.
h3 Rh8 29. Rab2 Kd8 30. Ke3 Ke7 31. Rb4 Rd8 32. Kf3 Rc3 33. R4b3 Rc7 34. Ke3 Rh8
35. Rb4 Rd8 36. c4 dxc4 37. Rxc4 Rxc4 38. Bxc4 Rd7 39. g4 hxg4 40. hxg4 Rc7 41.
Kd3 Kf8 42. Rb2 Kg7 43. g5 Bd7 44. d5 exd5 45. Bxd5 Bc8 46. Kd4 Kf8 47. Rb5 Ke7
48. Rc5 Rxc5 49. Kxc5 b6+ 50. axb6 axb6+ 51. Kxb6 Bf5 52. Kc5 Bb1 53. Kd4 Bf5
54. Bc4 Bg4 55. Ke3 Bf5 56. Kf3 Bc2 57. Kg3 Bf5 58. Be2 Bc2 59. Bg4 Bb1 60. Bh3
Bc2 61. Kf3 Bb1 62. Ke3 Ba2 63. Kd4 Bb3 64. Kc5 Ba2 65. Bg2 Bb1 66. Bh3 Ba2 67.
f5 gxf5 68. Bxf5 Bb3 69. Kd4 Ba2 70. Ke4 Bb3 71. Kf4 Ba2 72. Kg4 Kf8 1/2-1/2

[Event "21st European Teams"]
[Site "Hersonissos GRE"]
[Date "2017.10.30"]
[Round "3.17"]
[Board "3"]
[White "Morrison, Graham SCO"]
[Black "Nikolovski, Nikola"]
[Result "1-0"]
[WhiteTitle "FM"]
[BlackTitle "FM"]
[WhiteElo "2278"]
[BlackElo "2420"]
[WhiteTeam "Scotland"]
[BlackTeam "FYROM"]
[WhiteFideId "2400090"]
[BlackFideId "15002314"]
[EventDate "2017.10.28"]

1. d4 Nf6 2. c4 c5 3. d5 e6 4. Nc3 exd5 5. cxd5 d6 6. Nf3 g6 7. Nd2 Nbd7 8. e4
Bg7 9. Be2 O-O 10. O-O Re8 11. h3 a6 12. a4 Rb8 13. Qc2 Nh5 14. Bxh5 gxh5 15.
Nd1 Qh4 16. Ra3 Ne5 17. Rg3 Kh8 18. Ne3 b5 19. axb5 axb5 20. b3 Rg8 21. Bb2 Qf4
22. Nf5 Bxf5 23. exf5 h4 24. Re3 f6 25. Bxe5 fxe5 26. Rf3 Qh6 27. Ne4 Bf8 28.
Kh2 Be7 29. g3 Rbc8 30. Kg2 c4 31. b4 Rcf8 32. Ra1 Qh5 33. Ra7 Bg5 34. Nxd6 hxg3
35. fxg3 Rf6 36. Ne4 Rh6 37. Nxg5 Qxg5 38. Qe4 Qd2+ 39. Rf2 Qd4 40. Qxd4 exd4
41. f6 Rh5 42. Rf4 d3 43. Rd4 Rh6 44. Rb7 Rxf6 45. Rxb5 Re8 46. h4 Re2+ 47. Kh3
Rff2 48. d6 Re8 49. d7 Rd8 50. Rc5 Rf7 51. Rc8 Rff8 52. Rcxc4 Rf7 53. Rc8 Rff8
54. Rxd8 1-0

[Event "21st European Teams"]
[Site "Hersonissos GRE"]
[Date "2017.10.30"]
[Round "3.17"]
[Board "4"]
[White "Lazov, Toni"]
[Black "Burnett, Andrew"]
[Result "0-1"]
[WhiteTitle "FM"]
[BlackTitle "FM"]
[WhiteElo "2331"]
[BlackElo "2226"]
[WhiteTeam "FYROM"]
[BlackTeam "Scotland"]
[WhiteFideId "15000770"]
[BlackFideId "2400855"]
[EventDate "2017.10.28"]

1. e4 c5 2. Nf3 d6 3. d4 cxd4 4. Nxd4 Nf6 5. Nc3 Nc6 6. Bg5 Bd7 7. Qd2 Nxd4 8.
Qxd4 Qa5 9. f4 Rc8 10. e5 dxe5 11. fxe5 e6 12. O-O-O Bc5 13. Qd2 Nd5 14. Nxd5
Qxd2+ 15. Rxd2 exd5 16. Rxd5 h6 17. Bd2 a6 18. Bc3 Be6 19. Rd3 O-O 20. b4 Be7
21. Kb2 Rc7 22. Be1 Rfc8 23. Rc3 Rxc3 24. Bxc3 Bxa2 25. Bd4 Bc4 26. c3 b5 27. g3
Bxf1 28. Rxf1 Rc4 29. Ra1 Rc6 30. Kb3 h5 31. Rd1 Kh7 32. Be3 Kg6 33. Rd7 Re6 34.
Bd4 f6 35. Rd5 fxe5 36. Rxe5 Rxe5 37. Bxe5 Kf7 38. c4 bxc4+ 39. Kxc4 g5 40. h3
Ke6 41. Bc7 g4 42. hxg4 hxg4 43. Bf4 Kf5 44. b5 axb5+ 45. Kxb5 Ke4 46. Kc6 Kf3
47. Kd5 Bh4 48. Ke6 Bxg3 49. Bg5 Bf2 0-1

[Event "21st European Teams"]
[Site "Hersonissos GRE"]
[Date "2017.10.30"]
[Round "3.18"]
[Board "1"]
[White "Mehmeti, Dritan"]
[Black "Saraci, Nderim"]
[Result "1/2-1/2"]
[WhiteTitle "IM"]
[BlackTitle "FM"]
[WhiteElo "2428"]
[BlackElo "2393"]
[WhiteTeam "Albania"]
[BlackTeam "Kosovo"]
[WhiteFideId "4700600"]
[BlackFideId "6351921"]
[EventDate "2017.10.28"]

1. d4 d5 2. Nf3 Nf6 3. Bf4 e6 4. e3 c5 5. c3 Nc6 6. Nbd2 a6 7. Bd3 Bd6 8. Ne5 c4
9. Bc2 Bb8 10. O-O Nxe5 11. Bxe5 Bxe5 12. dxe5 Nd7 13. Qg4 O-O 14. Nf3 f5 15.
exf6 Nxf6 16. Qh4 Bd7 17. Rad1 Qb6 18. Rd2 Rae8 19. Ne5 Bc8 20. Rfd1 Qc7 21. f4
g6 22. h3 b5 23. Qh6 Qg7 24. Qxg7+ Kxg7 25. a4 bxa4 26. Bxa4 Re7 27. Bc2 Rb7 28.
Bb1 Bd7 29. Re1 Rfb8 30. Ree2 Be8 31. g4 a5 32. g5 Nd7 33. Nc6 Rc8 34. Nd4 Nc5
35. e4 dxe4 36. Bxe4 Rf7 37. Bf3 Bd7 38. Bg4 Re8 39. Re5 Nd3 40. Rxa5 Nxf4 41.
Ra7 Ree7 42. Nf3 Nd3 43. b3 e5 44. Rxd7 Rxd7 45. Bxd7 Rxf3 46. Bg4 Re3 47. bxc4
Nf4 48. Rd7+ Kf8 49. Rxh7 Rxc3 50. Ra7 e4 51. Ra1 Ke7 52. Rf1 Nxh3+ 53. Bxh3
Rxh3 54. Rf4 Rg3+ 1/2-1/2

[Event "21st European Teams"]
[Site "Hersonissos GRE"]
[Date "2017.10.30"]
[Round "3.18"]
[Board "2"]
[White "Makolli, Perparim"]
[Black "Pasko, Llambi"]
[Result "1/2-1/2"]
[WhiteTitle "FM"]
[WhiteElo "2333"]
[BlackElo "2292"]
[WhiteTeam "Kosovo"]
[BlackTeam "Albania"]
[WhiteFideId "908630"]
[BlackFideId "4701178"]
[EventDate "2017.10.28"]

1. e4 c6 2. d4 d5 3. exd5 cxd5 4. c4 Nf6 5. Nc3 g6 6. cxd5 Bg7 7. Bb5+ Bd7 8.
Bc4 O-O 9. Nf3 Bf5 10. O-O Nbd7 11. Nh4 Bg4 12. Qb3 Nb6 13. h3 Bd7 14. Nf3 Bf5
15. Re1 Rc8 16. Ne5 Nxc4 17. Nxc4 Nxd5 18. Ne3 Nxe3 19. Bxe3 Qd7 20. Rad1 h5 21.
d5 a6 22. Bd4 Rfe8 23. Bxg7 Kxg7 24. Re3 b5 25. Rde1 Qd6 26. Ne4 Bxe4 27. Rxe4
Rc5 28. Re5 f6 29. Re6 Qxd5 30. Rxe7+ Rxe7 31. Rxe7+ Kf8 32. Qxd5 Rxd5 33. Re6
Kf7 34. Rxa6 Rd1+ 35. Kh2 Rd2 36. f3 Rxb2 37. a4 bxa4 38. Rxa4 g5 39. h4 Kg6 40.
hxg5 fxg5 41. Ra6+ Kf5 42. Ra5+ Kg6 43. Ra6+ Kf5 44. Ra5+ Kg6 45. Ra6+ Kf5 46.
Ra5+ Kg6 1/2-1/2

[Event "21st European Teams"]
[Site "Hersonissos GRE"]
[Date "2017.10.30"]
[Round "3.18"]
[Board "3"]
[White "Ashiku, Franc"]
[Black "Ermeni, Avni"]
[Result "1-0"]
[WhiteTitle "FM"]
[BlackTitle "FM"]
[WhiteElo "2394"]
[BlackElo "2247"]
[WhiteTeam "Albania"]
[BlackTeam "Kosovo"]
[WhiteFideId "4700066"]
[BlackFideId "912840"]
[EventDate "2017.10.28"]

1. Nf3 Nf6 2. g3 b5 3. Bg2 Bb7 4. Na3 a6 5. c4 b4 6. Nc2 a5 7. d4 e6 8. O-O Be4
9. a3 Nc6 10. Ne5 Bxg2 11. Kxg2 Qc8 12. Nxc6 Qb7 13. d5 dxc6 14. dxe6 c5+ 15. f3
fxe6 16. Ne1 Bd6 17. Qa4+ Ke7 18. Nd3 b3 19. Be3 Nd7 20. Rfd1 Rhb8 21. Rac1 h6
22. Bf2 c6 23. Rd2 Qa6 24. Rc3 Qc8 25. Nf4 Nb6 26. Ng6+ Kf7 27. Qxb3 Nd5 28. Qc2
Ne7 29. Rxd6 Nxg6 30. Re3 Nf8 31. Red3 Qb7 32. Rd2 Qb6 33. Qe4 Ra6 34. Qe5 Qb3
35. Rd7+ 1-0

[Event "21st European Teams"]
[Site "Hersonissos GRE"]
[Date "2017.10.30"]
[Round "3.18"]
[Board "4"]
[White "Sadiku, Bedri"]
[Black "Seitaj, Ilir"]
[Result "1/2-1/2"]
[WhiteTitle "IM"]
[BlackTitle "IM"]
[WhiteElo "2213"]
[BlackElo "2372"]
[WhiteTeam "Kosovo"]
[BlackTeam "Albania"]
[WhiteFideId "915998"]
[BlackFideId "4700031"]
[EventDate "2017.10.28"]

1. Nf3 Nf6 2. g3 g6 3. Bg2 Bg7 4. O-O O-O 5. d3 d6 6. e4 c5 7. c4 Nc6 8. Nc3 Bg4
9. h3 Bxf3 10. Bxf3 Nd4 11. Bg2 Rb8 12. Be3 Nd7 13. Ne2 Nxe2+ 14. Qxe2 Ne5 15.
Rab1 Nc6 16. Qd2 a6 17. a3 b5 18. b4 Nd4 19. f4 e6 20. Kh2 Qd7 21. Rfc1 Rfc8 22.
Qa2 Rc7 23. Qf2 Rd8 24. Bd2 Rb8 25. Bc3 Rcc8 26. Re1 Nf3+ 27. Bxf3 Bxc3 28. Rec1
Bd4 29. Qa2 Qe7 30. h4 Qf6 31. Bg2 Qd8 32. a4 bxa4 33. Qxa4 cxb4 34. Rxb4 Rxb4
35. Qxb4 Rb8 36. Qa4 a5 37. Rc2 Rb4 38. Qc6 1/2-1/2

[Event "21st European Teams"]
[Site "Hersonissos GRE"]
[Date "2017.10.30"]
[Round "3.19"]
[Board "1"]
[White "Rasmussen, Allan Stig"]
[Black "Nyback, Tomi"]
[Result "1-0"]
[WhiteTitle "GM"]
[BlackTitle "GM"]
[WhiteElo "2542"]
[BlackElo "2572"]
[WhiteTeam "Denmark"]
[BlackTeam "Finland"]
[WhiteFideId "1406000"]
[BlackFideId "503142"]
[EventDate "2017.10.28"]

1. e4 e5 2. Nf3 Nc6 3. Bb5 a6 4. Ba4 Nf6 5. O-O Be7 6. Re1 b5 7. Bb3 d6 8. c3
O-O 9. h3 Bb7 10. d4 Nd7 11. Nbd2 exd4 12. cxd4 Bf6 13. Nf1 Na5 14. Bc2 Re8 15.
Ng3 g6 16. Bh6 Nc4 17. b3 Na3 18. Bd3 c5 19. Bf4 Nf8 20. e5 dxe5 21. dxe5 Be7
22. Qe2 Ne6 23. Bc1 Bxf3 24. Qxf3 c4 25. Be4 Rc8 26. Rd1 Qa5 27. Nf5 gxf5 28.
Qxf5 Nf8 29. Bh6 Ng6 30. Qxf7+ 1-0

[Event "21st European Teams"]
[Site "Hersonissos GRE"]
[Date "2017.10.30"]
[Round "3.19"]
[Board "2"]
[White "Ebeling, Daniel"]
[Black "Thybo, Jesper Sondergaard"]
[Result "1/2-1/2"]
[WhiteTitle "IM"]
[BlackTitle "IM"]
[WhiteElo "2465"]
[BlackElo "2479"]
[WhiteTeam "Finland"]
[BlackTeam "Denmark"]
[WhiteFideId "505170"]
[BlackFideId "1438832"]
[EventDate "2017.10.28"]

1. Nf3 Nf6 2. c4 e6 3. Nc3 d5 4. d4 Bb4 5. Bg5 h6 6. Bxf6 Qxf6 7. e3 O-O 8. Rc1
dxc4 9. Bxc4 c5 10. dxc5 Bxc5 11. O-O Qe7 12. a3 a6 13. Ba2 Nc6 14. Qc2 Ba7 15.
Rfd1 Bd7 16. Bb1 f5 17. e4 Kh8 18. exf5 exf5 19. Nd5 Qf7 20. Nf4 Rfd8 21. b4
Rac8 22. Qb2 Be6 23. Re1 Bd5 24. Ne5 Nxe5 25. Rxc8 Rxc8 26. Qxe5 Be4 27. Bxe4
fxe4 28. Qxe4 Bxf2+ 29. Kxf2 g5 30. Qd4+ Kg8 31. Re6 gxf4 32. Qe4 Rc2+ 33. Ke1
Rc1+ 34. Kd2 Rc8 35. Qg6+ Qxg6 36. Rxg6+ Kf7 37. Rxh6 Rg8 38. Rh7+ Ke6 39. Rxb7
Rxg2+ 40. Kd3 a5 41. bxa5 Rxh2 42. Ke4 Kd6 43. Rb3 Rh5 44. a6 Ra5 45. Kxf4 Rxa6 1/2-1/2

[Event "21st European Teams"]
[Site "Hersonissos GRE"]
[Date "2017.10.30"]
[Round "3.19"]
[Board "3"]
[White "Ochsner, Bjorn Moller"]
[Black "Sipila, Vilka"]
[Result "0-1"]
[WhiteTitle "IM"]
[BlackTitle "IM"]
[WhiteElo "2458"]
[BlackElo "2363"]
[WhiteTeam "Denmark"]
[BlackTeam "Finland"]
[WhiteFideId "1416928"]
[BlackFideId "505455"]
[EventDate "2017.10.28"]

1. d4 d5 2. c4 e6 3. Nc3 c6 4. Nf3 dxc4 5. a4 Bb4 6. g3 b5 7. Bg2 Bb7 8. O-O a6
9. e4 Nf6 10. Ne5 Nbd7 11. f4 h5 12. Be3 h4 13. g4 h3 14. Bf3 Nxe5 15. fxe5 Nd7
16. Bf4 Qb6 17. Kh1 O-O-O 18. Qd2 f6 19. exf6 gxf6 20. a5 Bxa5 21. Rxa5 e5 22.
Na4 bxa4 23. Be3 exd4 24. Bxd4 Ne5 25. Rd5 c5 26. Bxe5 Bxd5 27. Bxf6 Qxf6 28.
exd5 Rhf8 29. g5 Qd6 30. Bg4+ Kc7 31. Rxf8 Rxf8 32. Bxh3 Qf4 33. Qe1 Qxg5 34.
d6+ Kb6 35. Bg2 Re8 36. Qd1 Qh4 37. Qf3 Qe1+ 38. Bf1 Qe4 39. Kg2 c3 40. bxc3 a3
41. d7 Qxf3+ 42. Kxf3 Rf8+ 0-1

[Event "21st European Teams"]
[Site "Hersonissos GRE"]
[Date "2017.10.30"]
[Round "3.19"]
[Board "4"]
[White "Niemi, Kalle"]
[Black "Hansen, Mads"]
[Result "1-0"]
[WhiteTitle "FM"]
[BlackTitle "IM"]
[WhiteElo "2324"]
[BlackElo "2393"]
[WhiteTeam "Finland"]
[BlackTeam "Denmark"]
[WhiteFideId "504378"]
[BlackFideId "1401610"]
[EventDate "2017.10.28"]

1. e4 e5 2. Nf3 Nc6 3. d4 exd4 4. Nxd4 Nf6 5. Nxc6 bxc6 6. e5 Qe7 7. Qe2 Nd5 8.
c4 Nb6 9. Nc3 Qe6 10. Qe4 g6 11. Bd2 Bg7 12. f4 d5 13. cxd5 cxd5 14. Qc2 c6 15.
Bd3 O-O 16. O-O Bd7 17. Rae1 f5 18. Ne2 c5 19. Qxc5 Rfc8 20. Qf2 Na4 21. Nd4 Qb6
22. Be3 Qxb2 23. Qxb2 Nxb2 24. Ba6 Rc7 25. Rb1 Rb8 26. Rf2 Rb6 27. Rfxb2 Rxa6
28. Rb8+ Bf8 29. R1b7 Rxb7 30. Rxb7 Be8 31. Nf3 Bc6 32. Rxa7 Rxa7 33. Bxa7 Ba3
34. Kf2 Bb5 35. Nd2 Bc1 36. Ke1 Ba4 37. g3 h6 38. Be3 Bb2 39. Nb3 Kf7 40. Kd2
Ba3 41. Kc3 Ke6 42. Nc5+ Bxc5 43. Bxc5 Kd7 44. Kb4 Bd1 45. a4 g5 46. a5 Be2 47.
Be3 gxf4 48. Bxf4 h5 49. Kc5 Ke6 50. Kb6 d4 51. a6 Bf3 52. Kc7 d3 53. a7 h4 54.
gxh4 d2 55. Bxd2 Kxe5 56. h5 1-0